Formula 1: Drivers Who Beat Them - Damon Hill - Statistics

General Stats
  • This quiz has been taken 23 times
  • The average score is 14 of 17
Answer Stats
Beat them in Answer Nationality Teams % Correct
1993 Alain Prost France Williams
100%
1993 Ayrton Senna Brazil McLaren
100%
1994-1995, 1998-1999 Michael Schumacher Germany Benetton, Ferrari
100%
1997-1999 Mika Häkkinen Finland McLaren
100%
1997 Jacques Villeneuve Canada Williams
94%
1997, 1999 Ralf Schumacher Germany Jordan, Williams
94%
1997-1999 David Coulthard UK McLaren
89%
1997-1999 Eddie Irvine UK Ferrari
83%
1997 Gerhard Berger Austria Benetton
83%
1997, 1999 Heinz-Harald Frentzen Germany Williams, Jordan
83%
1999 Rubens Barrichello Brazil Stewart
83%
1997, 1999 Giancarlo Fisichella Italy Jordan, Benetton
78%
1997 Jean Alesi France Benetton
72%
1999 Mika Salo Finland BAR, Ferrari
72%
1999 Jarno Trulli Italy Prost
67%
1997, 1999 Johnny Herbert UK Sauber, Stewart
67%
1997 Olivier Panis France Prost
67%
No matching quizzes found
Score Distribution
Percent of People with Each Score
Percentile by Number Answered
Your Score History
You have not taken this quiz